| 000 | 00947nam a2200289 i 4500 | ||
|---|---|---|---|
| 003 | DO-SdBNP | ||
| 005 | 20240708083137.0 | ||
| 007 | ta | ||
| 008 | 240708b2005 sp ||||| |||| 00| 0 spa d | ||
| 020 | _a8430942548 | ||
| 040 |
_aDo-SdBNP _bspa _cBNPHU _erda |
||
| 082 | 4 | _222 | |
| 100 |
_aCortina, Adela, _d1933- _949972 _eautora |
||
| 245 | 1 | 0 |
_aÉtica mínima : _bintroducción a la filosofía práctica / _cAdela Cortina ; prólogo José Luis L. Aranguren |
| 250 | _a10a edición | ||
| 264 |
_aMadrid : _bTecnos, _c2005. |
||
| 300 |
_a295 páginas ; _c18 cm. |
||
| 336 |
_2rdacontent _atexto _btxt |
||
| 337 |
_2rdamedia _asin mediación _bn |
||
| 338 |
_2rdacarrier _avolumen _bnc |
||
| 500 | _aIncluye índices de autores | ||
| 500 | _aIncluye referencias bibliográficas y notas al pie de las páginas | ||
| 590 | _aInventariado, 2024/BT | ||
| 700 | 1 |
_aL. Aranguren, José Luis, _eprólogo _94684 |
|
| 910 | _aBtavarez | ||
| 942 |
_2ddc _cLBS1 |
||
| 999 |
_c57193 _d57193 |
||